[Event "ROM-ch U14 Girls"]
[Site "Calimanesti Caciulata"]
[Date "2016.04.23"]
[Round "7"]
[White "Vornicescu, Maria Raluca"]
[Black "Pirvu, Andreea"]
[Result "0-1"]
[WhiteElo "1001"]
[BlackElo "1248"]
[PlyCount "52"]
[EventDate "2016.04.18"]
[EventType "swiss"]
[EventRounds "9"]
[EventCountry "ROU"]
[SourceTitle "CBM 172 Extra"]
[Source "ChessBase"]
[SourceDate "2016.06.21"]
[SourceVersion "1"]
[SourceVersionDate "2016.06.21"]
[SourceQuality "1"]

1. d4 g6 2. e4 Bg7 3. Nc3 d6 4. Bc4 e6 5. Nf3 Nd7 6. Bg5 Ne7 7. 0-0 0-0 8. Qd2 c6 9. a4 d5 10. exd5 exd5 11. Bxd5 cxd5 12. Nxd5 f6 13. Nxe7+ Qxe7 14. Rfe1 Qd6 15. Bf4 Qb6 16. b4 f5 17. Re2 Nf6 18. Be5 Ne4 19. Qe3 Qxb4 20. Bxg7 Kxg7 21. Ng5 Qc3 22. Nxe4 Qxa1+ 23. Re1 Qxa4 24. Qd2 fxe4 25. Re2 Re8 26. Rxe4 Rxe4 0-1

[Event "ROM-ch U14 Girls"]
[Site "Calimanesti Caciulata"]
[Date "2016.04.19"]
[Round "2"]
[White "Trifoi, Mihaela Ioana"]
[Black "Pirvu, Andreea"]
[Result "1-0"]
[WhiteElo "1668"]
[BlackElo "1248"]
[PlyCount "129"]
[EventDate "2016.04.18"]
[EventType "swiss"]
[EventRounds "9"]
[EventCountry "ROU"]
[SourceTitle "CBM 172 Extra"]
[Source "ChessBase"]
[SourceDate "2016.06.21"]
[SourceVersion "1"]
[SourceVersionDate "2016.06.21"]
[SourceQuality "1"]

1. e4 c5 2. Nf3 d6 3. d4 cxd4 4. Nxd4 Nf6 5. f3 a6 6. Be3 e6 7. Bd3 Be7 8. 0-0 Nbd7 9. Bf2 0-0 10. Nb3 Ne5 11. Nc3 Bd7 12. Rc1 Rc8 13. Qd2 Rc6 14. Rfe1 Nh5 15. a3 Bg5 16. Be3 Bxe3+ 17. Qxe3 Qb6 18. Kf2 Qxe3+ 19. Rxe3 Nf4 20. Bf1 Rfc8 21. g3 Nfg6 22. Be2 Kf8 23. f4 Nc4 24. Bxc4 Rxc4 25. Re2 b6 26. Rd2 Ke7 27. Rcd1 R4c6 28. Ke3 Rd8 29. Nd4 Rc7 30. Nf3 Bc6 31. Ne1 Rcd7 32. Nd3 a5 33. Nf2 h5 34. Nh3 f6 35. Ng1 d5 36. exd5 exd5 37. Nf3 Ke6 38. Nd4+ Kd6 39. Nxc6 Kxc6 40. Ne2 Re8+ 41. Kf3 Kc5 42. Nd4 Re4 43. Nb3+ Kc6 44. Rd4 Rxd4 45. Rxd4 Ne7 46. h3 Nf5 47. Rd3 g5 48. fxg5 fxg5 49. g4 Nh4+ 50. Kg3 hxg4 51. Kxg4 Rg7 52. Nd4+ Kd7 53. Nf5 Nxf5 54. Rxd5+ Ke6 55. Rxf5 Ke7 56. Rxg5 Rxg5+ 57. Kxg5 Kf7 58. b3 b5 59. c4 bxc4 60. bxc4 Ke6 61. h4 a4 62. h5 Kd6 63. h6 Kc5 64. h7 Kxc4 65. h8Q 1-0

[Event "ROM-ch U12 Girls"]
[Site "Calimanesti"]
[Date "2014.04.11"]
[Round "7"]
[White "Banzea, Izabela Georgeta"]
[Black "Pirvu, Andreea"]
[Result "1/2-1/2"]
[WhiteElo "1397"]
[BlackElo "1024"]
[PlyCount "63"]
[EventDate "2014.04.06"]
[EventType "swiss"]
[EventRounds "9"]
[EventCountry "ROU"]
[SourceTitle "CBM 160 Extra"]
[Source "ChessBase"]
[SourceDate "2014.07.01"]
[SourceVersion "1"]
[SourceVersionDate "2014.07.01"]
[SourceQuality "1"]

1. Nf3 g6 2. g3 Bg7 3. Bg2 d6 4. d4 Nd7 5. e4 e5 6. Nc3 Ne7 7. Be3 0-0 8. Qd2 Re8 9. Bh6 Bh8 10. h4 Nf6 11. dxe5 dxe5 12. Qxd8 Rxd8 13. Nxe5 Ng4 14. Nxg4 Bxg4 15. 0-0 Rd7 16. f3 Be6 17. Rad1 Rad8 18. Bg5 Kf8 19. Be3 a5 20. f4 Bg4 21. Rxd7 Rxd7 22. e5 Nf5 23. Bc5+ Ke8 24. Bxb7 Nxg3 25. Bc6 Nxf1 26. Kxf1 f6 27. exf6 Bxf6 28. Ne4 Bxb2 29. c3 Bf3 30. Nf6+ Kd8 31. Nxd7 Bxc6 32. Nf6 1/2-1/2

[Event "ROM-ch U12 Girls"]
[Site "Calimanesti"]
[Date "2014.04.09"]
[Round "5"]
[White "Pirvu, Andreea"]
[Black "Tuduran, Camelia Diana"]
[Result "0-1"]
[WhiteElo "1024"]
[BlackElo "1472"]
[PlyCount "68"]
[EventDate "2014.04.06"]
[EventType "swiss"]
[EventRounds "9"]
[EventCountry "ROU"]
[SourceTitle "CBM 160 Extra"]
[Source "ChessBase"]
[SourceDate "2014.07.01"]
[SourceVersion "1"]
[SourceVersionDate "2014.07.01"]
[SourceQuality "1"]

1. d4 Nf6 2. Nf3 g6 3. e3 Bg7 4. Bd3 d5 5. Nbd2 Nc6 6. b3 Bg4 7. Bb2 0-0 8. h3 Bxf3 9. Qxf3 Re8 10. 0-0 e5 11. c4 e4 12. Bxe4 dxe4 13. Qe2 Nb4 14. f3 exf3 15. Nxf3 Qe7 16. Ba3 a5 17. Rfe1 Bh6 18. Bxb4 axb4 19. Ne5 Nd7 20. Nxd7 Qxd7 21. Rad1 Qe7 22. e4 Rad8 23. Qf3 Bg7 24. e5 c6 25. c5 Rd5 26. Rd3 Red8 27. Red1 R8d7 28. g4 Qd8 29. Qe4 Bxe5 30. Kf2 Bxd4+ 31. Ke2 Re7 32. Qxe7 Qxe7+ 33. Kd2 Bc3+ 34. Kc2 Rxd3 0-1